000 00802nam a2200253 a 4500
001 000033504
003 DO-SdBNP
005 20211115123205.0
007 000033504
008 091127s1996 dr p 000 m spa d
040 _aBPMSU
_bspa
_cBPMSU
082 4 _aRD864.44
_b B171y
_222
100 1 _aBalaguer, Joaquín,
_d1906-2002
_92
245 1 0 _aYo y mis condiscípulos /
_cJoaquín Balaguer.
250 _a2a. ed.
260 _aSanto Domingo :
_bCorripio,
_c1996.
300 _a256 p. ;
_c21 cm.
500 _aIncluye referencias bibliográficas y notas al pie de las páginas
590 _6Inventariado, 2021/VM
650 4 _aLiteratura dominicana
_ySiglo XX
_xHistoria y crítica
650 4 _aEnsayos dominicanos
910 _aVMateoV /Validado. Control de calidad MFF
942 _2ddc
_cBK
999 _c7993
_d7993